|
|
|
|
| LEADER |
00000aam a2200000 i 4500 |
| 001 |
115800 |
| 003 |
CZ ZlUTB |
| 005 |
20260611085954.0 |
| 007 |
ta |
| 008 |
260324s2026 xr e 000 0 cze |
| 015 |
|
|
|a cnb003747021
|
| 020 |
|
|
|a 978-80-262-2391-7
|q (brožováno)
|
| 040 |
|
|
|a ABA001
|b cze
|d OLA001
|d ZLD002
|e rda
|
| 041 |
1 |
|
|a cze
|k eng
|h spa
|
| 072 |
|
7 |
|a 615.8
|x Fyzioterapie. Psychoterapie. Alternativní lékařství
|2 Konspekt
|9 14
|
| 080 |
|
|
|a 615.851:159.9.019.2
|2 MRF
|
| 080 |
|
|
|a 159.97
|2 MRF
|
| 080 |
|
|
|a 616.89
|2 MRF
|
| 080 |
|
|
|a 159.942.5
|2 MRF
|
| 080 |
|
|
|a 159.964.21:316.4.051.6
|2 MRF
|
| 080 |
|
|
|a 316.472.4
|2 MRF
|
| 080 |
|
|
|a 616:159.9
|2 MRF
|
| 080 |
|
|
|a (0.062)
|2 MRF
|
| 100 |
1 |
|
|a Francesetti, Gianni
|7 jo2014811293
|4 aut
|
| 240 |
1 |
0 |
|a Fundamentos de psicopatología fenomenológico-gestáltica.
|l Česky
|
| 245 |
1 |
0 |
|a Základy psychopatologie :
|b z pohledu gestalt terapie /
|c Gianni Francesetti ; z autorizovaného anglického vydání Fundamentals of phenomenological gestalt psychopathology ... přeložil Martin Černý
|
| 250 |
|
|
|a Vydání první
|
| 264 |
|
1 |
|a Praha :
|b Portál,
|c 2026
|
| 300 |
|
|
|a 159 stran ;
|c 21 cm
|
| 336 |
|
|
|a text
|b txt
|2 rdacontent
|
| 337 |
|
|
|a bez média
|b n
|2 rdamedia
|
| 338 |
|
|
|a svazek
|b nc
|2 rdacarrier
|
| 490 |
1 |
|
|a Spektrum ;
|v 156
|
| 504 |
|
|
|a Obsahuje bibliografie a bibliografické odkazy
|
| 650 |
0 |
7 |
|a gestalt terapie
|7 ph250061
|2 czenas
|
| 650 |
0 |
7 |
|a psychopatologie
|7 ph124819
|2 czenas
|
| 650 |
0 |
7 |
|a psychická bolest
|7 ph1079116
|2 czenas
|
| 650 |
0 |
7 |
|a transgenerační přenos
|7 ph1130606
|2 czenas
|
| 650 |
0 |
7 |
|a interpersonální vztahy
|7 ph114786
|2 czenas
|
| 650 |
0 |
7 |
|a klinická psychologie
|7 ph121636
|2 czenas
|
| 650 |
0 |
9 |
|a gestalt therapy
|2 eczenas
|
| 650 |
0 |
9 |
|a psychopathology
|2 eczenas
|
| 650 |
0 |
9 |
|a psychic pain
|2 eczenas
|
| 650 |
0 |
9 |
|a generation transfer
|2 eczenas
|
| 650 |
0 |
9 |
|a interpersonal relations
|2 eczenas
|
| 650 |
0 |
9 |
|a clinical psychology
|2 eczenas
|
| 655 |
|
7 |
|a populárně-naučné publikace
|7 fd131864
|2 czenas
|
| 655 |
|
9 |
|a popular works
|2 eczenas
|
| 700 |
1 |
|
|a Černý, Martin,
|d 1975-
|7 xx0076182
|4 trl
|
| 710 |
2 |
|
|a Portál (nakladatelství)
|7 ko2003199531
|4 pbl
|
| 765 |
0 |
8 |
|i Název anglického překladu:
|t Fundamentals of phenomenological gestalt psychopathology
|9 Česky
|
| 830 |
|
0 |
|a Spektrum (Portál)
|
| 910 |
|
|
|a ZLD002
|
| 942 |
|
|
|2 udc
|
| 952 |
|
|
|0 0
|1 0
|4 0
|6 6158FRANCESETTIG
|7 -1
|8 BOOK
|9 191522
|a UTBZL
|b UTBZL
|c 005
|d 2026-06-11
|l 0
|o 615.8/FRANCESETTI,G.
|p 420010202169
|r 2026-06-11 09:00:57
|v 349.00
|w 2026-06-11
|x N:nákup
|y 01
|
| 992 |
|
|
|a BK
|b SKNEW
|
| 999 |
|
|
|c 115800
|d 115800
|